000 nam a22 a 4500
999 _c372056
_d372056
003 BLK
005 20200701113056.0
008 200701b bu ||||| |||| 00| 0 bu d
020 _a9786192110291
040 _aBLK
041 _aBUL
_cBUL
080 _aИздания за деца и юноши. Книжки-картинки. Читанки. Вж и 372.4
_b087.5
_z087.5
139 _aАнглийски за най-малките
_bА 64
245 _aАнглийски за най-малките
_cхудож. Светлана Кисьова
260 _9217114
_aСофия
_bПУХ
_c2016
300 _a24 с.
_bс ил., [1] л. : стикери
_c22 x 24 см
380 _a0
490 _9206069
_aПърви стъпки
650 7 _9156309
_aИздания - за деца
700 _9263935
_aКисьова, Светлана Иванова
_eхудож.
942 _cKNG
_n0
_s1
944 _aCR
_c2020-07-01
_kВаля Йорданова